Estadísticas para Conjugación de Ir

Haz click aquí para intentar la prueba.

Estadísticas generales

  • Esta prueba ha sido intentada 127 veces
  • La puntuación promedio es 34 de 42

Estadísticas de respuestas

TensoSujetoConjugación% Correcto
Presente de IndicativoÉlVa
100%
Presente de IndicativoEllosVan
100%
Presente de IndicativoVas
100%
Presente de IndicativoYoVoy
100%
Presente de IndicativoVosotrosVais
99%
Presente de IndicativoNosotrosVamos
99%
PretéritoÉlFue
95%
FuturoYoIré
95%
PretéritoYoFui
94%
FuturoÉlIrá
94%
FuturoNosotrosIremos
94%
PretéritoNosotrosFuimos
93%
PretéritoFuiste
93%
PretéritoEllosFueron
92%
FuturoEllosIrán
92%
FuturoIrás
90%
FuturoVosotrosIréis
87%
PretéritoVosotrosFuisteis
85%
CondicionalYoIría
82%
CondicionalÉlIría
82%
CondicionalIrías
81%
CondicionalNosotrosIríamos
80%
Pretérito ImperfectoÉlIba
79%
Pretérito ImperfectoYoIba
79%
CondicionalEllosIrían
79%
Pretérito ImperfectoNosotrosÍbamos
78%
CondicionalVosotrosIríais
78%
Pretérito ImperfectoVosotrosIbais
77%
Pretérito ImperfectoEllosIban
77%
Pretérito ImperfectoIbas
77%
Imperfecto de SubjuntivoYoFuera
68%
Imperfecto de SubjuntivoÉlFuera
68%
Imperfecto de SubjuntivoNosotrosFuéramos
68%
Imperfecto de SubjuntivoVosotrosFuerais
67%
Imperfecto de SubjuntivoEllosFueran
66%
Imperfecto de SubjuntivoFueras
65%
Presente de SubjuntivoYoVaya
61%
Presente de SubjuntivoÉlVaya
61%
Presente de SubjuntivoNosotrosVayamos
61%
Presente de SubjuntivoVosotrosVayáis
60%
Presente de SubjuntivoEllosVayan
60%
Presente de SubjuntivoVayas
60%

Distribución de puntuación

Porcentaje por número respondido

Porcentaje de gente con cada puntuación

Historial de tus puntuaciones

No has intentado esta prueba.